| 000 | 00699nam a22002293a 4500 | ||
|---|---|---|---|
| 005 | 20240925064936.0 | ||
| 008 | 011024s1997 mx fr 000 0 spa d | ||
| 020 | _a9688809527 | ||
| 035 | _aUPN01000113512 | ||
| 049 | _aCG | ||
| 050 | 4 |
_aLB1060 _bS3.78 1997 |
|
| 100 | 1 |
_aSchunk, Dale H. _937186 |
|
| 245 | 1 | 0 |
_aTeorías del aprendizaje / _cDale H. Schunk ; tr. José Francisco Javier Dávila Martínez. |
| 250 | _a2a ed. | ||
| 260 |
_aMéxico : _bPrentice-Hall, _c1997. |
||
| 300 | _ax, 512 p. | ||
| 534 |
_pTraducción de: _tLearning theories and educational |
||
| 650 | 4 |
_aAprendizaje _92861 |
|
| 650 | 4 |
_aCognición _96446 |
|
| 650 | 4 |
_aPsicología del aprendizaje _95221 |
|
| 905 | _aLibro | ||
| 999 |
_c87420 _d87420 |
||